000 00319nam a2200133Ia 4500
008 240624s9999 xx 000 0 und d
041 _aeng
082 _a823 WOD
100 _aWODEHOUSE P G
245 _aMUCH OBLIGED JEEVES
260 _c2008
_aLondon
_bArrow Books
300 _a203 : p. : cm. ; 19
365 _cRS
_b20
999 _c16224
_d16224